[Event "Sunway Formentera op 3rd"]
[Site "Sant Ferran de ses Roques"]
[Date "2024.04.10"]
[Round "2"]
[White "Ivanchuk, Vassily"]
[Black "Joel Paul, Ganta"]
[Result "1-0"]
[WhiteElo "2611"]
[BlackElo "1969"]
[PlyCount "85"]
[EventDate "2024.04.09"]
[EventType "swiss"]
[EventRounds "10"]
[EventCountry "ESP"]
[SourceTitle "CB17_2024"]
[SourceDate "2024.04.24"]
[SourceVersion "1"]
[SourceVersionDate "2024.04.24"]
[SourceQuality "1"]

1. e4 e5 2. Nf3 Nc6 3. d4 exd4 4. Nxd4 Nf6 5. Nxc6 bxc6 6. e5 Qe7 7. Qe2 Nd5 8. c4 Nb6 9. Nd2 Ba6 10. b3 Qe6 11. Bb2 Bb4 12. a3 Be7 13. g3 Rb8 14. 0-0-0 0-0 15. Qh5 c5 16. Bd3 g6 17. Qe2 d5 18. exd6 Qxe2 19. Bxe2 cxd6 20. Rhe1 Bb7 21. Bf3 Bxf3 22. Nxf3 Rfe8 23. Kc2 Bf8 24. Ng5 Rxe1 25. Rxe1 d5 26. cxd5 Nxd5 27. Rd1 Rd8 28. Bf6 Rd7 29. Ne4 Nb6 30. Rxd7 Nxd7 31. Kc3 Nb6 32. a4 h6 33. a5 Nd7 34. Kc4 g5 35. Kb5 Nb8 36. Bc3 f5 37. Nxc5 Kf7 38. Be5 a6+ 39. Nxa6 Nxa6 40. Kxa6 Bc5 41. f3 g4 42. fxg4 fxg4 43. Kb7 1-0

[Event "Fagernes op"]
[Site "Fagernes"]
[Date "2024.03.25"]
[Round "2"]
[White "Joel Paul, Ganta"]
[Black "Moreby, James"]
[Result "0-1"]
[WhiteElo "1993"]
[BlackElo "2260"]
[PlyCount "80"]
[EventDate "2024.03.24"]
[EventType "swiss"]
[EventRounds "9"]
[EventCountry "NOR"]
[SourceTitle "CB14_2024"]
[SourceDate "2024.04.01"]
[SourceVersion "1"]
[SourceVersionDate "2024.04.01"]
[SourceQuality "1"]

1. e4 c5 2. Nf3 d6 3. d4 cxd4 4. Nxd4 Nf6 5. Nc3 a6 6. Nb3 g6 7. Be2 Bg7 8. 0-0 0-0 9. a4 Nc6 10. Be3 b6 11. Nd2 Rb8 12. f4 Bb7 13. Qe1 Nb4 14. Qf2 Nd7 15. Rfc1 Qc7 16. Nc4 Nc5 17. e5 Rfc8 18. exd6 exd6 19. f5 Nd5 20. Bd4 Nxc3 21. bxc3 Ne4 22. Qh4 Nxc3 23. Bxc3 Bxc3 24. Ra3 Re8 25. Bd3 Bb2 26. fxg6 fxg6 27. Nxb2 Qc5+ 28. Kh1 Qxa3 29. Qf6 Qb4 30. Rf1 Rf8 31. Bc4+ Qxc4 32. Qxf8+ Rxf8 33. Rxf8+ Kxf8 34. Nxc4 Ke7 35. Nxb6 d5 36. c4 d4 37. Kg1 Kd6 38. Kf2 Kc5 39. a5 Kb4 40. Ke2 Kc3 0-1

[Event "Titled Tuesday intern op 13th Feb Early"]
[Site "Chess.com INT"]
[Date "2024.02.13"]
[Round "9"]
[White "Preobrazhenskaya, Diana"]
[Black "Joel Paul, Ganta"]
[Result "1-0"]
[WhiteElo "1859"]
[BlackElo "1989"]
[PlyCount "69"]
[EventDate "2024.02.13"]
[EventType "swiss (blitz)"]
[EventRounds "11"]
[EventCountry "USA"]
[SourceTitle "CB08_2024"]
[SourceDate "2024.02.21"]
[SourceVersion "1"]
[SourceVersionDate "2024.02.21"]
[SourceQuality "1"]

1. e4 g6 2. d4 d6 3. Nc3 Bg7 4. Nf3 a6 5. Bc4 b5 6. Bd5 c6 7. Bb3 Nf6 8. e5 dxe5 9. Nxe5 0-0 10. 0-0 c5 11. dxc5 Qc7 12. Bf4 Qxc5 13. Nd5 Bb7 14. Nxf6+ exf6 15. Nxf7 Rxf7 16. Qd8+ Qf8 17. Qc7 Kh8 18. Bxf7 Be4 19. Bd6 Ra7 20. Qxa7 Qxd6 21. Rad1 Qf8 22. Rfe1 Nc6 23. Qc7 f5 24. Rxe4 fxe4 25. Qxc6 Qxf7 26. Rd8+ Bf8 27. Qd6 Kg8 28. Qd5 Qxd5 29. Rxd5 Bg7 30. c3 Kf7 31. Rd6 a5 32. Rd5 b4 33. cxb4 axb4 34. Rb5 Bxb2 35. Rxb4 1-0

[Event "Titled Tuesday intern op 06th Feb Early"]
[Site "Chess.com INT"]
[Date "2024.02.06"]
[Round "7"]
[White "Joel Paul, Ganta"]
[Black "Esmeraldas Huachi, Anderson Yahir"]
[Result "1-0"]
[WhiteElo "1989"]
[BlackElo "2148"]
[PlyCount "127"]
[EventDate "2024.02.06"]
[EventType "swiss (blitz)"]
[EventRounds "11"]
[EventCountry "USA"]
[SourceTitle "CB07_2024"]
[SourceDate "2024.02.14"]
[SourceVersion "1"]
[SourceVersionDate "2024.02.14"]
[SourceQuality "1"]

1. d4 d5 2. c4 dxc4 3. e3 a6 4. a4 Nf6 5. Bxc4 e6 6. Nf3 c5 7. 0-0 b6 8. Ne5 Bb7 9. Nc3 Be7 10. b3 0-0 11. Bb2 cxd4 12. exd4 Nc6 13. Nxc6 Bxc6 14. Ne2 b5 15. Bd3 bxa4 16. bxa4 Qd5 17. f3 Rab8 18. Qc2 Rfc8 19. Rac1 Bd7 20. Qd2 Bb4 21. Rxc8+ Bxc8 22. Qf4 Bd6 23. Qd2 h6 24. Rc1 Qh5 25. g3 Qxf3 26. Rf1 Qg4 27. d5 Bc5+ 28. Kg2 Bb7 29. h3 Bxd5+ 30. Kh2 Qh5 31. Bxf6 gxf6 32. Rxf6 Qg5 33. Rf4 f5 34. Qc2 Bd6 35. Rf1 Be5 36. Bxf5 Rb2 37. Qc8+ Kg7 38. Bg4 Qe7 39. Qc1 Qc7 40. Qe3 Bc4 41. Rf2 Qd6 42. Qf3 Bxg3+ 43. Nxg3 Rxf2+ 44. Qxf2 Bd5 45. Bf3 Bc4 46. Qg2 Kf8 47. Qf2 Ke7 48. Qe3 h5 49. Qg5+ Kd7 50. Qxh5 Qd2+ 51. Bg2 Bd5 52. Qe2 Qd4 53. Bxd5 Qxd5 54. Qe4 Qa5 55. Qd4+ Ke7 56. Ne4 Qb6 57. Qxb6 Kf7 58. Qxa6 Kg6 59. Qd3 Kf7 60. a5 e5 61. a6 Ke6 62. a7 Kf5 63. a8Q Kf4 64. Qf8# 1-0

[Event "Titled Tuesday intern op 06th Feb Early"]
[Site "Chess.com INT"]
[Date "2024.02.06"]
[Round "1"]
[White "Joel Paul, Ganta"]
[Black "Hajiyev, Kanan"]
[Result "1-0"]
[WhiteElo "1989"]
[BlackElo "2081"]
[PlyCount "53"]
[EventDate "2024.02.06"]
[EventType "swiss (blitz)"]
[EventRounds "11"]
[EventCountry "USA"]
[SourceTitle "CB07_2024"]
[SourceDate "2024.02.14"]
[SourceVersion "1"]
[SourceVersionDate "2024.02.14"]
[SourceQuality "1"]

1. d4 d5 2. Nf3 c5 3. e3 cxd4 4. exd4 Nc6 5. Bd3 Bg4 6. c3 e6 7. 0-0 Bd6 8. h3 Bh5 9. Re1 Nf6 10. Bg5 Qc8 11. Nbd2 0-0 12. Qe2 Qc7 13. Qe3 Ne7 14. Ne5 Bg6 15. Bxg6 Nxg6 16. Bxf6 gxf6 17. Ng4 f5 18. Nf6+ Kg7 19. Nh5+ Kh8 20. Qh6 Rg8 21. Nf6 Rg7 22. Nh5 Rag8 23. Nxg7 Rxg7 24. Nf3 Nf4 25. Ng5 Qe7 26. h4 Rg6 27. Qxh7# 1-0

[Event "Titled Tuesday intern op 06th Feb Early"]
[Site "Chess.com INT"]
[Date "2024.02.06"]
[Round "3"]
[White "Onufrienko, Vladislav"]
[Black "Joel Paul, Ganta"]
[Result "1-0"]
[WhiteElo "2046"]
[BlackElo "1989"]
[PlyCount "87"]
[EventDate "2024.02.06"]
[EventType "swiss (blitz)"]
[EventRounds "11"]
[EventCountry "USA"]
[SourceTitle "CB07_2024"]
[SourceDate "2024.02.14"]
[SourceVersion "1"]
[SourceVersionDate "2024.02.14"]
[SourceQuality "1"]

1. e4 g6 2. d4 Bg7 3. Nc3 d6 4. f4 a6 5. Nf3 b5 6. Bd3 Bb7 7. 0-0 Nd7 8. Be3 c5 9. Kh1 Ngf6 10. e5 Ng4 11. Bg1 cxd4 12. Nxd4 dxe5 13. Ne6 fxe6 14. Qxg4 0-0 15. Qxe6+ Kh8 16. Qh3 Qe8 17. f5 g5 18. f6 Nxf6 19. Rxf6 h5 20. Rxf8+ Bxf8 21. Qf5 e4 22. Bd4+ Bg7 23. Bxg7+ Kxg7 24. Qxg5+ Qg6 25. Qxe7+ Qf7 26. Qxf7+ Kxf7 27. Nxe4 Bxe4 28. Bxe4 Rd8 29. Bd3 Kf6 30. Kg1 Ke5 31. a4 Kd4 32. axb5 axb5 33. Bxb5 Rb8 34. c4 Kc5 35. Rd1 Kb4 36. Rd5 h4 37. Rh5 Kb3 38. Rxh4 Kxb2 39. Rh3 Kc2 40. Rf3 Kd2 41. h4 Ke2 42. h5 Ra8 43. h6 Rh8 44. Rh3 1-0

[Event "Bangalore op 1st"]
[Site "Bangalore"]
[Date "2024.01.18"]
[Round "1"]
[White "Joel Paul, Ganta"]
[Black "Fawzy, Adham"]
[Result "1/2-1/2"]
[WhiteElo "2130"]
[BlackElo "2522"]
[PlyCount "54"]
[EventDate "2024.01.18"]
[EventType "swiss"]
[EventRounds "10"]
[EventCountry "IND"]
[SourceTitle "CB05_2024"]
[SourceDate "2024.01.31"]
[SourceVersion "1"]
[SourceVersionDate "2024.01.31"]
[SourceQuality "1"]

1. d4 Nf6 2. c4 e6 3. Nc3 Bb4 4. e3 b6 5. a3 Bxc3+ 6. bxc3 0-0 7. Bd3 d5 8. cxd5 exd5 9. Ne2 c5 10. 0-0 Ba6 11. Ng3 Bxd3 12. Qxd3 Nc6 13. f3 Re8 14. Bb2 h5 15. e4 h4 16. Nf5 dxe4 17. fxe4 Nxe4 18. Rae1 Nf6 19. Qf3 Qd5 20. Qf4 Rxe1 21. Rxe1 h3 22. gxh3 Re8 23. Rf1 Re2 24. Rf2 Re1+ 25. Rf1 Re2 26. Rf2 Re1+ 27. Rf1 Re2 1/2-1/2

[Event "Titled Tuesday intern op 19th Dec Early"]
[Site "Chess.com INT"]
[Date "2023.12.19"]
[Round "5"]
[White "Joel Paul, Ganta"]
[Black "Baches Garcia, Guillermo"]
[Result "0-1"]
[WhiteElo "2163"]
[BlackElo "2327"]
[PlyCount "124"]
[EventDate "2023.12.19"]
[EventType "swiss (blitz)"]
[EventRounds "11"]
[EventCountry "USA"]
[SourceTitle "CB52_2023"]
[SourceDate "2023.12.27"]
[SourceVersion "1"]
[SourceVersionDate "2023.12.27"]
[SourceQuality "1"]

1. e4 c5 2. Nf3 d6 3. d4 cxd4 4. Nxd4 Nf6 5. Nc3 Nc6 6. Bg5 e6 7. Qd2 h6 8. Bxf6 gxf6 9. Ndb5 a6 10. Nd4 Qb6 11. Nb3 Bd7 12. 0-0-0 0-0-0 13. Kb1 h5 14. f4 Kb8 15. g3 h4 16. Bg2 Be7 17. g4 h3 18. Bf3 Rc8 19. Na4 Qb4 20. Nac5 dxc5 21. Qxb4 cxb4 22. Rxd7 Rhd8 23. Rhd1 Rxd7 24. Rxd7 Rd8 25. Rxd8+ Nxd8 26. Nd4 Nc6 27. Ne2 Bc5 28. Kc1 Nd4 29. Nxd4 Bxd4 30. f5 Be5 31. Be2 Bxh2 32. Bf1 Bf4+ 33. Kd1 h2 34. Bg2 Kc7 35. c3 bxc3 36. bxc3 Be5 37. Kc2 Kc6 38. Kd3 Kc5 39. Bf3 b5 40. Bg2 a5 41. Bf3 b4 42. cxb4+ Kxb4 43. Kc2 Kc4 44. Bh1 Bf4 45. Bg2 Kd4 46. Kb3 Ke3 47. Ka4 Bc7 48. Kb5 Kf2 49. Bh1 Kg1 50. Bf3 h1Q 51. Bxh1 Kxh1 52. Kc6 Bf4 53. Kd7 exf5 54. gxf5 Kg2 55. Ke7 Kf3 56. Kxf7 Be5 57. Ke6 Kxe4 58. Kd7 Kxf5 59. Kc6 Ke4 60. Kb5 Bc3 61. Kc4 Bd2 62. Kb3 Be1 0-1

[Event "Titled Tuesday intern op 19th Dec Early"]
[Site "Chess.com INT"]
[Date "2023.12.19"]
[Round "11"]
[White "Joel Paul, Ganta"]
[Black "Hrebenshchykova, Yelyzaveta"]
[Result "0-1"]
[WhiteElo "2163"]
[BlackElo "2279"]
[PlyCount "72"]
[EventDate "2023.12.19"]
[EventType "swiss (blitz)"]
[EventRounds "11"]
[EventCountry "USA"]
[SourceTitle "CB52_2023"]
[SourceDate "2023.12.27"]
[SourceVersion "1"]
[SourceVersionDate "2023.12.27"]
[SourceQuality "1"]

1. e4 e5 2. Nf3 Nc6 3. Bb5 a6 4. Ba4 Nf6 5. 0-0 Be7 6. c3 Nxe4 7. Re1 Nf6 8. Nxe5 Nxe5 9. Rxe5 0-0 10. d4 d5 11. Bc2 Bd6 12. Re1 h6 13. h3 Bd7 14. Qf3 Re8 15. Rxe8+ Bxe8 16. Nd2 Bd7 17. Nf1 c6 18. Ne3 Bf8 19. Nf5 Bxf5 20. Qxf5 Qe7 21. Bf4 g6 22. Qe5 Re8 23. Re1 Qd8 24. Re3 Rxe5 25. dxe5 Nh5 26. Bh2 Qg5 27. Kf1 Nf4 28. Bg3 Ne6 29. h4 Qd8 30. f4 Bc5 31. Rf3 Ng7 32. f5 gxf5 33. Bxf5 Nxf5 34. Rxf5 d4 35. e6 fxe6 36. Rxc5 Qf8+ 0-1

[Event "Titled Tuesday intern op 14th Nov Early"]
[Site "Chess.com INT"]
[Date "2023.11.14"]
[Round "5"]
[White "Joel Paul, Ganta"]
[Black "Dahlgren, James Allen"]
[Result "0-1"]
[WhiteElo "2163"]
[BlackElo "1770"]
[PlyCount "84"]
[EventDate "2023.11.14"]
[EventType "swiss (blitz)"]
[EventRounds "11"]
[EventCountry "USA"]
[SourceTitle "CB47_2023"]
[SourceDate "2023.11.22"]
[SourceVersion "1"]
[SourceVersionDate "2023.11.22"]
[SourceQuality "1"]

1. e4 e6 2. d4 d5 3. exd5 exd5 4. h3 Nf6 5. Bd3 Bd6 6. Ne2 0-0 7. 0-0 c5 8. c3 Nc6 9. dxc5 Bxc5 10. Bg5 h6 11. Bh4 Be6 12. Nd2 Ne5 13. Bc2 Re8 14. Nd4 Be7 15. N2f3 Nxf3+ 16. Qxf3 Qd7 17. Rfe1 Nh7 18. Bxe7 Rxe7 19. Qd3 Nf6 20. Re3 Rae8 21. Nxe6 Rxe6 22. Rxe6 Qxe6 23. Rd1 Qe2 24. Ba4 Qxd3 25. Rxd3 Re1+ 26. Kh2 Re2 27. Kg3 Rxb2 28. Bb3 Ne4+ 29. Kh2 Nc5 30. Rxd5 Nxb3 31. Rb5 Rxf2 32. axb3 b6 33. Rd5 Rc2 34. c4 Rc3 35. Rb5 Kf8 36. Kg1 Ke7 37. h4 Kd6 38. Rf5 f6 39. Rb5 Kc6 40. Kf2 a6 41. Rb4 Kc5 42. g4 Kxb4 0-1

[Event "Fagernes Autumn op"]
[Site "Fagernes"]
[Date "2023.10.10"]
[Round "3"]
[White "Daakshin, Arun"]
[Black "Joel Paul, Ganta"]
[Result "0-1"]
[WhiteElo "2384"]
[BlackElo "2169"]
[PlyCount "112"]
[EventDate "2023.10.08"]
[EventType "swiss"]
[EventRounds "9"]
[EventCountry "NOR"]
[SourceTitle "Mega2024 Update 01"]
[Source "Chessbase"]
[SourceDate "2023.11.12"]
[SourceVersion "1"]
[SourceVersionDate "2023.11.12"]
[SourceQuality "1"]

1. d4 d5 2. c4 c6 3. Nc3 Nf6 4. e3 e6 5. Nf3 Nbd7 6. Qc2 Bd6 7. Bd3 dxc4 8. Bxc4 b5 9. Be2 a6 10. 0-0 0-0 11. Ng5 Be7 12. Rd1 Bb7 13. b3 Qc7 14. Bb2 h6 15. Nge4 c5 16. dxc5 Nxc5 17. Nxc5 Qxc5 18. a3 Rac8 19. Rac1 Qg5 20. g3 Ne4 21. h4 Qf5 22. Bd3 Rxc3 23. Bxc3 Qf3 24. Kf1 Bxa3 25. Ra1 Rc8 26. Rxa3 Qh1+ 27. Ke2 Nxc3+ 28. Kd2 Qd5 29. Ke1 Nxd1 30. Qxd1 b4 31. Ra1 Rd8 32. Bf1 Qxd1+ 33. Rxd1 Rxd1+ 34. Kxd1 Kf8 35. Kd2 a5 36. Bb5 Ke7 37. Kd3 Kd6 38. e4 e5 39. f4 f6 40. Bc4 Kc5 41. Bf7 Bc6 42. f5 Bb5+ 43. Ke3 a4 44. bxa4 Bxa4 45. Ba2 Bc2 46. Bd5 b3 47. Kd2 Kd4 48. g4 Bxe4 49. Bxb3 Bf3 50. g5 Bg4 51. gxf6 gxf6 52. Be6 Ke4 53. h5 Bxh5 54. Ke1 Bg4 55. Kf2 Bxf5 56. Ba2 Kf4 0-1

[Event "Titled Tuesday intern op 12th Sep Early"]
[Site "Chess.com INT"]
[Date "2023.09.12"]
[Round "1"]
[White "Joel Paul, Ganta"]
[Black "Kuzhilniy, Oleksandr"]
[Result "0-1"]
[WhiteElo "2169"]
[BlackElo "2260"]
[PlyCount "38"]
[EventDate "2023.09.12"]
[EventType "swiss (blitz)"]
[EventRounds "11"]
[EventCountry "USA"]
[SourceTitle "EXT 2024"]
[Source "ChessBase"]
[SourceDate "2023.10.10"]
[SourceVersion "1"]
[SourceVersionDate "2023.10.10"]
[SourceQuality "1"]

1. Nf3 Nf6 2. b3 d6 3. Bb2 e5 4. d3 Nc6 5. Nbd2 g6 6. e4 Bg7 7. Be2 Nh5 8. 0-0 Nf4 9. a3 0-0 10. Re1 Nxe2+ 11. Qxe2 f5 12. b4 Kh8 13. b5 Ne7 14. d4 fxe4 15. Qxe4 d5 16. Qh4 e4 17. Ne5 Qe8 18. a4 Nf5 19. Qg5 Bh6 0-1

[Event "Speed Chess Q2 Sw"]
[Site "Chess.com INT"]
[Date "2023.08.23"]
[Round "12"]
[White "Ghosh, Chanchal Kumer"]
[Black "Joel Paul, Ganta"]
[Result "0-1"]
[WhiteElo "2050"]
[BlackElo "2153"]
[PlyCount "108"]
[EventDate "2023.08.23"]
[EventType "swiss (blitz)"]
[EventRounds "14"]
[EventCountry "USA"]
[SourceTitle "CBM 215 Extra"]
[Source "ChessBase"]
[SourceDate "2023.09.30"]
[SourceVersion "1"]
[SourceVersionDate "2023.09.30"]
[SourceQuality "1"]

1. e4 c5 2. Nf3 Nc6 3. d4 cxd4 4. Nxd4 Nf6 5. Nc3 d6 6. Be2 e6 7. Be3 Be7 8. 0-0 a6 9. f4 0-0 10. Qe1 Qc7 11. g4 b5 12. g5 Ne8 13. Bf3 Bb7 14. Qh4 g6 15. Rad1 Ng7 16. a3 Rac8 17. Bg2 Rfd8 18. Rf3 Nxd4 19. Bxd4 e5 20. Be3 exf4 21. Bxf4 Qc5+ 22. Kh1 h5 23. Rdf1 Ne6 24. Be3 Bxg5 25. Bxc5 Bxh4 26. Bb6 Rf8 27. Nd5 Kg7 28. Bh3 Bxd5 29. exd5 Ng5 30. Bxc8 Nxf3 31. Bxa6 Ne5 32. Bxb5 Rb8 33. Bc7 Rxb5 34. Bxd6 Rxd5 35. Bb4 Ng4 36. Bc3+ f6 37. h3 Ne3 38. Rf3 Nxc2 39. a4 Ne1 40. Bxe1 Bxe1 41. b3 Rd1 42. Kg2 Bb4 43. Re3 Rd4 44. Kf3 g5 45. Re6 g4+ 46. hxg4 hxg4+ 47. Ke3 Bc5 48. Ke2 f5 49. Rc6 Re4+ 50. Kd3 Bb4 51. Rc7+ Kf6 52. Rc4 Rxc4 53. Kxc4 g3 54. Kxb4 g2 0-1

[Event "Speed Chess Q2 Sw"]
[Site "Chess.com INT"]
[Date "2023.08.23"]
[Round "6"]
[White "Joel Paul, Ganta"]
[Black "Gutierrez Olivares, Daniel"]
[Result "1-0"]
[WhiteElo "2153"]
[BlackElo "2354"]
[PlyCount "45"]
[EventDate "2023.08.23"]
[EventType "swiss (blitz)"]
[EventRounds "14"]
[EventCountry "USA"]
[SourceTitle "CBM 215 Extra"]
[Source "ChessBase"]
[SourceDate "2023.09.30"]
[SourceVersion "1"]
[SourceVersionDate "2023.09.30"]
[SourceQuality "1"]

1. e4 e6 2. d4 d5 3. e5 c5 4. c3 Nc6 5. Nf3 Bd7 6. Be2 Nge7 7. 0-0 Nxd4 8. cxd4 cxd4 9. Nxd4 Nc6 10. Nxc6 bxc6 11. Nc3 Be7 12. f4 f5 13. exf6 Bxf6 14. Be3 Rb8 15. Rb1 0-0 16. Bxa7 Rb4 17. Bc5 Qa5 18. Bxf8 Kxf8 19. a3 Qb6+ 20. Kh1 Rxb2 21. Na4 Rxb1 22. Nxb6 Rxd1 23. Nxd7+ 1-0

[Event "Speed Chess Q2 Sw"]
[Site "Chess.com INT"]
[Date "2023.08.23"]
[Round "5"]
[White "Joel Paul, Ganta"]
[Black "Rizzo, Tobias"]
[Result "0-1"]
[WhiteElo "2153"]
[BlackElo "1925"]
[PlyCount "60"]
[EventDate "2023.08.23"]
[EventType "swiss (blitz)"]
[EventRounds "14"]
[EventCountry "USA"]
[SourceTitle "CBM 215 Extra"]
[Source "ChessBase"]
[SourceDate "2023.09.30"]
[SourceVersion "1"]
[SourceVersionDate "2023.09.30"]
[SourceQuality "1"]

1. Nf3 Nf6 2. d4 g6 3. c4 Bg7 4. Nc3 d5 5. cxd5 Nxd5 6. Bd2 0-0 7. e4 Nxc3 8. Bxc3 c5 9. Be2 cxd4 10. Bxd4 Qa5+ 11. Qd2 Qxd2+ 12. Kxd2 Bg4 13. Bxg7 Kxg7 14. Ke3 Nc6 15. h3 Bxf3 16. Bxf3 e5 17. Rhd1 Nd4 18. Be2 Nc2+ 19. Kf3 Nxa1 20. Rxa1 Rfd8 21. Bc4 Rac8 22. Bd5 Rc2 23. b3 b6 24. Ke3 f5 25. f3 f4+ 26. Kd3 Rxg2 27. Rc1 Rd7 28. a4 Rf2 29. h4 Rxf3+ 30. Kc4 Rc7+ 0-1

[Event "Titled Tuesday intern op 22nd Aug Early"]
[Site "Chess.com INT"]
[Date "2023.08.22"]
[Round "5"]
[White "Ismayil, Malak"]
[Black "Joel Paul, Ganta"]
[Result "1-0"]
[WhiteElo "2148"]
[BlackElo "2153"]
[PlyCount "87"]
[EventDate "2023.08.22"]
[EventType "swiss (blitz)"]
[EventRounds "11"]
[EventCountry "USA"]
[SourceTitle "EXT 2024"]
[Source "ChessBase"]
[SourceDate "2023.10.10"]
[SourceVersion "1"]
[SourceVersionDate "2023.10.10"]
[SourceQuality "1"]

1. e4 c6 2. d4 d5 3. Nc3 dxe4 4. Nxe4 Nf6 5. Nxf6+ exf6 6. Be3 Bd6 7. Bd3 0-0 8. Ne2 Re8 9. c4 Bb4+ 10. Nc3 Nd7 11. 0-0 Nf8 12. a3 Ba5 13. b4 Bc7 14. Ne2 Ne6 15. Bc2 Qd6 16. Ng3 g6 17. d5 cxd5 18. cxd5 Nf4 19. Bxf4 Qxf4 20. Ba4 Rd8 21. Rc1 h5 22. Qf3 Qxf3 23. gxf3 Bxg3 24. hxg3 Rxd5 25. Rfe1 Bd7 26. Bc2 Rc8 27. Be4 Rxc1 28. Rxc1 Re5 29. Bxb7 g5 30. Rd1 Bb5 31. Kg2 Kg7 32. Bd5 Be2 33. Rd2 g4 34. Bc6 Bc4 35. fxg4 hxg4 36. Rd4 Be2 37. a4 a6 38. Rf4 f5 39. Rd4 Kg6 40. Bb7 f6 41. Rf4 Bd3 42. Rd4 Bc2 43. Bc6 Re1 44. b5 1-0

[Event "Titled Tuesday intern op 22nd Aug Early"]
[Site "Chess.com INT"]
[Date "2023.08.22"]
[Round "3"]
[White "Joel Paul, Ganta"]
[Black "Hnydiuk, Aleksander"]
[Result "0-1"]
[WhiteElo "2153"]
[BlackElo "2345"]
[PlyCount "44"]
[EventDate "2023.08.22"]
[EventType "swiss (blitz)"]
[EventRounds "11"]
[EventCountry "USA"]
[SourceTitle "EXT 2024"]
[Source "ChessBase"]
[SourceDate "2023.10.10"]
[SourceVersion "1"]
[SourceVersionDate "2023.10.10"]
[SourceQuality "1"]

1. b3 d5 2. Bb2 Bf5 3. Nf3 e6 4. a3 c5 5. e3 Nc6 6. Be2 h6 7. 0-0 Nf6 8. d3 Be7 9. Nbd2 0-0 10. e4 dxe4 11. dxe4 Nxe4 12. Nxe4 Bxe4 13. Qc1 Bf6 14. Rd1 Bxb2 15. Qxb2 Qf6 16. Qxf6 gxf6 17. Ne1 Rad8 18. f3 Bg6 19. Nd3 Nd4 20. Bf1 Nxc2 21. Rac1 Ne3 22. Nxc5 Rxd1 0-1

[Event "Speed Chess Q1 Sw"]
[Site "Chess.com INT"]
[Date "2023.08.21"]
[Round "8"]
[White "Dubnevych, Maksym"]
[Black "Joel Paul, Ganta"]
[Result "1/2-1/2"]
[WhiteElo "2391"]
[BlackElo "2153"]
[PlyCount "129"]
[EventDate "2023.08.21"]
[EventType "k.o. (blitz)"]
[EventRounds "14"]
[EventCountry "USA"]
[SourceTitle "CBM 215 Extra"]
[Source "ChessBase"]
[SourceDate "2023.09.30"]
[SourceVersion "1"]
[SourceVersionDate "2023.09.30"]
[SourceQuality "1"]

1. d4 Nf6 2. Nc3 d5 3. Bf4 c5 4. e3 a6 5. dxc5 Nc6 6. Nf3 Bg4 7. Be2 Bxf3 8. Bxf3 e5 9. Bg5 d4 10. Bxc6+ bxc6 11. exd4 Qxd4 12. Qxd4 exd4 13. Bxf6 gxf6 14. Ne4 f5 15. Ng3 f4 16. Ne4 f5 17. Ng5 Kd7 18. 0-0-0 Bxc5 19. Nh3 f3 20. g3 Kc7 21. Ng5 Rae8 22. Rhe1 Re2 23. Ne6+ Kd6 24. Nxc5 Kxc5 25. Rxe2 fxe2 26. Re1 f4 27. Rxe2 fxg3 28. hxg3 Kd5 29. Kd2 h5 30. f4 Rg8 31. Re5+ Kd6 32. Kd3 Rxg3+ 33. Kxd4 h4 34. Rh5 h3 35. Rh6+ Kc7 36. f5 Kd7 37. Rh7+ Kd6 38. Rh6+ Kd7 39. c4 Rf3 40. Ke5 Rf2 41. Rh7+ Ke8 42. Rxh3 Rxb2 43. Ra3 Re2+ 44. Kf6 Rc2 45. Rxa6 Rxc4 46. Ke6 Re4+ 47. Kd6 Rd4+ 48. Ke5 Rd5+ 49. Ke6 Rd8 50. Rxc6 Ra8 51. f6 Kf8 52. f7 Rb8 53. a4 Kg7 54. a5 Ra8 55. a6 Ra7 56. Rd6 Ra8 57. Ke7 Ra7+ 58. Rd7 Ra8 59. Rd8 Ra7+ 60. Rd7 Ra8 61. a7 Rf8 62. Rd8 Rxf7+ 63. Ke8 Rxa7 64. Rd7+ Rxd7 65. Kxd7 1/2-1/2